Zisťovanie charakteristiky krídla pomocou CFD simulácie
Saved in:
| Main Author: | |
|---|---|
| Other Authors: | |
| Format: | Manuscript Book |
| Language: | Slovak |
| Published: |
2015
|
| Subjects: | |
| Online Access: | http://is.stuba.sk/zp/portal_zp.pl?podrobnosti=112863 |
| Tags: |
No Tags, Be the first to tag this record!
|
MARC
| LEADER | 00000ntm a22000003a 4500 | ||
|---|---|---|---|
| 001 | stuzp52588 | ||
| 003 | SK-STU | ||
| 005 | 20160719154223.6 | ||
| 007 | ta | ||
| 008 | 150427s2015----xo-----f-mn---000-0-slo-d | ||
| 040 | |a STU |b slo | ||
| 041 | 0 | |a slo | |
| 100 | 1 | |a Konkoly, Dušan |u 020030 |4 aut |U SjF Strojnícka fakulta |T SjF Ústav dopravnej techniky a konštruovania |X 43798 |U J0030 |Y 806 |7 A000043798 | |
| 242 | 0 | 1 | |a Measurement of aerodynamic characteristics of airfoil with aid of the CFD analysis |y eng |
| 245 | 1 | 0 | |a Zisťovanie charakteristiky krídla pomocou CFD simulácie |
| 260 | |c 2015 | ||
| 650 | 4 | |a veterný tunel |2 slo | |
| 650 | 4 | |a CFD simulácia |2 slo | |
| 650 | 4 | |a 3D model |2 slo | |
| 650 | 4 | |a aerodynamicky odpor |2 slo | |
| 650 | 4 | |a aerodynamicky vztlak |2 slo | |
| 650 | 4 | |a mechanika tekutín |2 slo | |
| 650 | 4 | |a wind tunnel |2 eng | |
| 650 | 4 | |a CFD simulation |2 eng | |
| 650 | 4 | |a 3D model |2 eng | |
| 650 | 4 | |a drag resistance |2 eng | |
| 650 | 4 | |a aerodynamic lift |2 eng | |
| 650 | 4 | |a fluid mechanics |2 eng | |
| 700 | 1 | |a Bucha, Jozef |4 ths |X 70878 |7 A000070878 | |
| 856 | 4 | |u http://is.stuba.sk/zp/portal_zp.pl?podrobnosti=112863 | |
| 996 | |b 284J044159 |c J* 2449/DP |l JJSK |s A |a 24 |w stuzp52588_0001 | ||
| SQL | |a stuzp52588 |b DDP |c SLO |d Zisťovanie charakteristiky krídla pomocou CFD simulácie |e 43798 |f Konkoly, Dušan |g 020030 |h 70878 |i Bucha, Jozef |j 20150618 |k 52 |l 02 |m http://is.stuba.sk/zp/portal_zp.pl?podrobnosti=112863 |n I-ALSM |o 5.2.4. motorové vozidlá, koľajové vozidlá, lode a lietadlá | ||